| 000 | 00415nam a2200157Ia 4500 | ||
|---|---|---|---|
| 008 | 151213s9999 xx 000 0 und d | ||
| 100 | _aLawrence J. Gittman | ||
| 245 |
_aPrinciples of Managerial Finance _cLawrence J. Gittman |
||
| 250 | _a10th | ||
| 260 |
_aSingapoore _bPerson Education _c2004 |
||
| 300 | _a3378 p. | ||
| 650 | _aFinance | ||
| 650 | _aFinance | ||
| 700 | _aLawrence J. Gittman | ||
| 999 |
_c2272 _d2272 |
||